Liedtext - Ein Kompliment - Sportfreunde Stiller - Statistiken

Allgemein
  • Dieses Quiz wurde 1.080 mal gespielt
  • Das Durchschnittsergebnis liegt bei 124 aus 148
Antwortstatistiken
Textquiz % Korrekt
du
99%
bist
97%
das
97%
Ich
96%
dass
95%
für
95%
Für
95%
mich
95%
dir
94%
nur
94%
und
94%
Und
94%
mal
93%
sagen
93%
Größte
92%
wollte
92%
eben
91%
sich
87%
fühlst
86%
denn
85%
Die
85%
ob
85%
so
85%
So
85%
Wenn
85%
wenn
85%
einer
84%
man
84%
mein
84%
will
84%
der
83%
langen
83%
Reise
82%
Ziel
82%
Art
80%
In
80%
in
80%
Weise
80%
dasselbe
79%
meine
79%
Meine
79%
sichergeh'n
79%
besten
76%
Perfektion
73%
Begeisterung
72%
Chillout-Area
72%
im
72%
leise
71%
Momenten
69%
stillen
69%
Jahr
68%
jedem
67%
Supermarkt
66%
Antrieb
64%
Schaumkrone
64%
Woge
64%
Feiertage
63%
Süßwarenabteilung
63%
schön
60%
nie
59%
mag
58%
Schwung
57%
es
55%
verzichten
55%
darauf
54%
was
53%
gerne
48%
Lösung
44%
aufspart
40%
Bergauf
39%
hakt
39%
wertvoll
37%
Keine übereinstimmenden Quizze gefunden
Verteilung der Resultate
Anzahl Personen mit jedem Resultat
Perzentil nach korrekt beantworteten Fragen
Ihre Resultats-Entwicklung
Sie haben dieses Quiz noch nicht gespielt